| 000 | 01099nas a2200289 4500 | ||
|---|---|---|---|
| 001 | BR2012000576 | ||
| 003 | BR-BrBNA | ||
| 005 | 20231205120037.0 | ||
| 007 | ta | ||
| 008 | 230509b bl.|||p| |||| 00| 00por d | ||
| 040 |
_aBR-BrBNA _bpor _cBiblioteca Nacional de Agricultura |
||
| 041 | _a(En) | ||
| 072 | _aM40 | ||
| 100 | 1 | _aSipauba-Tavares, L.H. | |
| 100 | 1 | _aMillan, R.N. | |
| 100 | 1 | _aBerchielli, F. de A. | |
| 100 | 1 | _aBraga, F.M. de S. | |
| 245 | 1 | _aUse of alternative media and different types of recipients in a laboratory culture of Ankistrodesmus gracilis (Reinsch)Korshikov (Chlorophyceae) | |
| 246 | 1 | _aUse of alternative media and different types of recipients in a laboratory culture of Ankistrodesmus gracilis (Reinsch)Korshikov (Chlorophyceae) | |
| 650 | _aALGA VERDE | ||
| 650 | _aCHLOROPHYCEAE | ||
| 650 | _aECOLOGIA AQUÁTICA | ||
| 650 | _aCONDIÇÃO AMBIENTAL | ||
| 773 | 0 |
_tActa Scientiarum. Biological Sciences (Brazil) _xISSN 1679-9283 _g(Jul-Sep 2011), v. 33(3) p. 247-253 _wBR2012000576 |
|
| 909 |
_a202311 _bLúcia _c55 _dLúcia Elande |
||
| 942 |
_2AGRIS _n0 _cANA |
||
| 999 |
_c216806 _d216806 |
||